Tous les Hunters professionnels connus dans Hunter X Hunter - Statistiques

Statistiques générales
  • Ce quiz a été pris 34 fois
  • Le résultat moyen est 24 sur 66
Statistiques - réponses
Tous es Hunters professionnels connus % Correct
Kirua
100%
Gon
96%
Kurapika
96%
Hisoka
93%
Leolio
93%
Nétéro
93%
Jin
89%
Irumi
81%
Biscuit
78%
Hanzo
70%
Morau
67%
Novu
63%
Pariston
63%
Wing
63%
Cheadle
59%
Kaito
59%
Satotsu
59%
Tsezugera
59%
Menchi
56%
Buhara
52%
Shoot
48%
Knuckle
44%
Pamu
44%
Sharnalk
44%
Botobai
41%
Pokkuru
41%
Kanzai
37%
Senritsu
37%
Basho
33%
Ginta
33%
Goreinu
33%
Rippo
33%
Rinne
30%
Saiyu
30%
Geru
26%
Piyon
26%
Saccho
26%
Mizaistom
22%
Bushidora
19%
Loupe
19%
Saccimono
19%
Teradin
19%
Binolt
15%
Cutie
15%
Dwun
15%
Kesu
15%
Togari
15%
Ciquento
11%
Mizuken
11%
Rodoriotto
11%
Sanbika
11%
Kara
7%
Rinsen
7%
Gashita
4%
Ickshonpay
4%
Jeitosari
4%
Masuta
4%
Rist
4%
Tokuharone
4%
Zetsuku
4%
Bari
0%
Clook
0%
Ging Kou
0%
Ging Nechimenkowa
0%
Hagakuchi
0%
Riakke
0%
Aucun quiz correspondant
Distribution des résultats
% des personnes avec chaque résultat
Percentile par nombre de réponses
Votre historique - résultats
Vous n’avez pas pris ce quiz